00647 2200217 4500001002100000005001500021035002000036007000300056008004100059020002200100082001000122084001600132100001500148245006500163250001700228260003800245300004800283650004700331650002400378504002700402INLIS00000000000385620251009110529 a0010-1025000132ta251009 g 0 ind  a978-602-6563-44-6 a720.3 a720.3 SAT s0 aSatmoko R.1 a100% Fakta & Unik /cSatmoko R. (Penulis); Kasdulah (Editor) aCetakan 2022 aDepok :bSenja Media Utama,c2022 axii; 98 Halaman :bIlustrasi; teks ;c21 cm 4aBangunan - Ensiklopedi Sains - Ensiklopedi 4aSains - Ensiklopedi aBibliografi Halaman 98